All 100k+ Cities in Southeast Asia - Statistics

General Stats
  • This quiz has been taken 73 times
    66 since last reset
  • The average score is 72 of 440
Answer Stats
Rank Population Country Answer % Correct
1 10,890,660 Thailand Bangkok
98%
6 4,138,500 Vietnam Hà Nội
98%
3 9,320,866 Vietnam Ho Chi Minh City
98%
2 10,562,088 Indonesia Jakarta
98%
16 1,846,513 Philippines Manila
98%
4 5,637,000 Singapore Singapore
98%
5 5,160,512 Myanmar Yangon
93%
10 2,444,160 Indonesia Bandung
87%
14 1,982,112 Malaysia Kuala Lumpur
87%
12 2,281,951 Cambodia Phnom Penh
87%
8 2,874,314 Indonesia Surabaya
85%
34 964,169 Philippines Cebu
83%
27 1,134,310 Vietnam Đà Nẵng
78%
11 2,435,252 Indonesia Medan
76%
37 924,608 Myanmar Naypyidaw
76%
24 1,198,000 Thailand Chiang Mai
74%
17 1,776,949 Philippines Davao
74%
49 794,313 Malaysia George Town
74%
7 2,960,048 Philippines Quezon City
74%
54 725,314 Indonesia Denpasar
72%
31 1,003,004 Laos Vientiane
72%
175 266,682 Brunei Bandar Seri Begawan
67%
88 462,928 Philippines Angeles
61%
21 1,423,877 Indonesia Makassar
61%
115 373,589 Indonesia Yogyakarta
61%
44 858,118 Malaysia Johor Bahru
59%
23 1,319,452 Myanmar Mandalay
59%
183 258,480 Thailand Phuket
59%
144 320,262 Thailand Pattaya
57%
169 277,488 East Timor Dili
54%
18 1,668,848 Indonesia Palembang
54%
193 245,494 Cambodia Siem Reap
50%
35 951,723 Vietnam Hải Phòng
48%
128 349,147 Malaysia Kuching
48%
20 1,653,524 Indonesia Semarang
48%
25 1,196,396 Indonesia Batam
43%
9 2,543,676 Indonesia Bekasi
43%
66 652,572 Vietnam Huế
43%
187 252,899 Indonesia Banda Aceh
41%
26 1,166,066 Indonesia Bandar Lampung
41%
19 1,661,584 Philippines Caloocan
41%
41 894,500 Vietnam Cần Thơ
41%
58 697,315 Philippines General Santos
41%
45 843,810 Indonesia Malang
41%
15 1,895,486 Indonesia Tangerang
41%
33 977,234 Philippines Zamboanga
41%
53 728,402 Philippines Cagayan de Oro
39%
13 2,056,335 Indonesia Depok
39%
89 457,626 Philippines Iloilo
39%
52 759,952 Malaysia Ipoh
39%
426 103,839 Malaysia Pekan
39%
32 983,356 Indonesia Pekanbaru
39%
215 227,142 Thailand Chiang Rai
37%
83 500,425 Malaysia Kota Kinabalu
37%
152 307,079 Philippines Puerto Princesa
37%
61 688,318 Indonesia Balikpapan
35%
30 1,043,070 Indonesia Bogor
35%
72 600,783 Philippines Bacolod
33%
71 606,200 Indonesia Jambi
33%
101 422,601 Vietnam Nha Trang
33%
38 909,040 Indonesia Padang
33%
250 200,973 Indonesia Banjar
30%
108 398,478 Indonesia Jayapura
30%
91 453,904 Malaysia Malacca
30%
22 1,354,350 Indonesia South Tangerang
30%
43 886,722 Philippines Taguig
30%
42 887,399 Philippines Antipolo
28%
119 366,358 Philippines Baguio
28%
65 657,663 Indonesia Banjarmasin
28%
94 442,758 Indonesia Kupang
28%
68 629,616 Philippines Makati
28%
280 173,319 Malaysia Pontian
28%
64 658,685 Indonesia Pontianak
28%
46 827,994 Indonesia Samarinda
28%
59 692,101 Indonesia Serang
28%
134 339,114 Vietnam Vinh
28%
92 451,916 Indonesia Manado
26%
39 902,086 Malaysia Petaling Jaya
26%
47 812,327 Malaysia Shah Alam
26%
344 141,038 Indonesia Subang
26%
81 522,364 Indonesia Surakarta
26%
56 714,978 Philippines Valenzuela
26%
136 333,303 Indonesia Cirebon
24%
254 198,539 Indonesia Gorontalo
24%
106 404,044 Thailand Hat Yai
24%
142 322,710 Vietnam Hạ Long
24%
75 548,014 Malaysia Kuantan
24%
410 109,202 Malaysia Putrajaya
24%
284 172,202 Thailand Surat Thani
24%
132 341,552 Vietnam Vũng Tàu
24%
100 423,868 Malaysia Alor Setar
22%
129 347,288 Indonesia Ambon
22%
391 119,251 Cambodia Battambang
22%
230 213,046 Indonesia Batu
22%
114 373,591 Indonesia Bengkulu
22%
143 322,057 Thailand Chonburi
22%
207 231,225 Vietnam Đà Lạt
22%
383 121,716 Vietnam Hội An
22%
109 396,193 Malaysia Kota Bharu
22%
113 375,424 Malaysia Kuala Terengganu
22%
98 429,651 Indonesia Mataram
22%
189 248,877 Malaysia Miri
22%
48 803,159 Philippines Pasig
22%
96 439,050 Malaysia Sandakan
22%
126 354,666 Philippines San Fernando
22%
376 125,640 Philippines San Fernando
22%
62 681,541 Malaysia Seremban
22%
287 170,404 Malaysia Sibu
22%
164 284,410 Indonesia Sorong
22%
28 1,119,190 Vietnam Biên Hòa
20%
118 372,910 Philippines Butuan
20%
97 434,896 Indonesia Cilegon
20%
40 902,025 Malaysia Klang
20%
416 107,185 Myanmar Myeik
20%
116 373,218 Indonesia Palu
20%
60 689,992 Philippines Parañaque
20%
331 147,899 Myanmar Sittwe
20%
76 545,053 Malaysia Sungai Petani
20%
188 251,881 Philippines Tacloban
20%
221 220,487 Myanmar Bago
17%
261 191,210 Philippines Bago
17%
127 351,437 Philippines Batangas
17%
198 240,172 Malaysia Bintulu
17%
79 539,671 Philippines Calamba
17%
29 1,047,356 Malaysia Kajang
17%
161 286,796 Indonesia Kediri
17%
131 345,107 Indonesia Kendari
17%
84 497,604 Philippines Lapu-Lapu
17%
70 606,293 Philippines Las Piñas
17%
185 253,734 Myanmar Mawlamyine
17%
148 314,776 Malaysia Muar
17%
231 210,949 Myanmar Myitkyina
17%
229 213,577 Thailand Nakhon Ratchasima
17%
120 364,543 Thailand Nonthaburi
17%
224 218,569 Indonesia Pangkalpinang
17%
298 163,329 Thailand Songkhla
17%
50 771,687 Malaysia Subang Jaya
17%
102 420,806 Malaysia Tawau
17%
123 359,910 Vietnam Thanh Hóa
17%
80 531,904 Malaysia Ampang Jaya
15%
63 664,625 Philippines Bacoor
15%
186 253,442 Indonesia Banjarbaru
15%
107 401,210 Malaysia Batu Pahat
15%
139 325,079 Philippines Cotabato
15%
57 703,141 Philippines Dasmariñas
15%
146 316,782 Indonesia Dumai
15%
163 284,853 Malaysia Kangar
15%
234 209,533 Philippines Legazpi
15%
240 207,489 Myanmar Monywa
15%
77 543,445 Philippines Muntinlupa
15%
201 236,294 Vietnam Nam Định
15%
190 247,543 Philippines Navotas
15%
160 290,053 Vietnam Quy Nhơn
15%
325 150,917 Philippines San Jose
15%
375 125,760 Laos Savannakhet
15%
214 227,663 Indonesia Tanjungpinang
15%
195 242,786 Indonesia Tarakan
15%
55 716,155 Indonesia Tasikmalaya
15%
247 205,001 Indonesia Ternate
15%
321 153,900 Thailand Ubon Ratchathani
15%
251 200,705 Thailand Udon Thani
15%
219 225,134 Indonesia Bitung
13%
275 178,917 Indonesia Bontang
13%
386 121,028 Indonesia Bukittinggi
13%
74 568,400 Indonesia Cimahi
13%
359 134,103 Philippines Dumaguete
13%
153 307,880 Indonesia Karawang
13%
202 235,715 Malaysia Kluang
13%
165 281,717 Malaysia Kuala Selangor
13%
339 144,031 Myanmar Lashio
13%
111 380,522 Philippines Malabon
13%
99 425,758 Philippines Mandaluyong
13%
289 168,676 Indonesia Metro
13%
237 209,170 Philippines Naga
13%
361 133,184 Philippines Naga
13%
156 293,457 Indonesia Palangka Raya
13%
281 172,923 Myanmar Pathein
13%
124 356,125 Malaysia Puchong
13%
389 120,447 Malaysia Rawang
13%
212 228,416 Vietnam Rạch Giá
13%
36 946,092 Malaysia Seberang Perai
13%
203 235,064 Indonesia Singkawang
13%
130 346,325 Indonesia Sukabumi
13%
197 241,517 Malaysia Taiping
13%
110 385,398 Philippines Tarlac
13%
176 264,804 Myanmar Taunggyi
13%
112 375,590 Vietnam Buôn Ma Thuột
11%
278 174,302 Philippines Dagupan
11%
360 133,818 Vietnam Đồng Hới
11%
122 363,115 Philippines Iligan
11%
73 575,977 Malaysia Iskandar Puteri
11%
104 412,758 Thailand Khon Kaen
11%
145 319,056 Malaysia Kulim
11%
342 142,158 Thailand Lampang
11%
364 130,671 Vietnam Lào Cai
11%
117 372,931 Philippines Lipa
11%
173 272,365 Vietnam Long Xuyên
11%
253 199,192 Indonesia Madiun
11%
257 195,175 Indonesia Madiun
11%
121 364,116 Philippines Mandaue
11%
90 456,159 Philippines Marikina
11%
167 279,944 Thailand Nakhon Pathom
11%
95 440,656 Philippines Pasay
11%
151 307,150 Indonesia Pekalongan
11%
216 226,736 Vietnam Phan Thiết
11%
184 254,802 Vietnam Pleiku
11%
199 239,649 Indonesia Probolinggo
11%
358 134,861 Myanmar Pyay
11%
211 229,657 Thailand Rayong
11%
162 285,348 Philippines San Pablo
11%
423 104,976 Philippines Tagbilaran
11%
177 263,048 Philippines Talisay
11%
411 108,909 Philippines Talisay
11%
133 340,403 Vietnam Thái Nguyên
11%
296 166,334 Philippines Tuguegarao
11%
226 216,546 Philippines Valencia
11%
351 137,870 Vietnam Vĩnh Long
11%
394 117,558 Indonesia Banyuwangi
9%
158 291,842 Indonesia Binjai
9%
308 158,544 Philippines Cadiz
9%
334 146,964 Myanmar Dawei
9%
87 463.023 Vietnam Dĩ An
9%
82 507,469 Vietnam Hải Dương
9%
85 496,794 Philippines Imus
9%
210 229,138 Malaysia Lahad Datu
9%
406 111,651 Philippines Laoag
9%
302 161,040 Thailand Lopburi
9%
204 234,166 Indonesia Lubuklinggau
9%
213 228,109 Vietnam Mỹ Tho
9%
194 243,842 Thailand Nakhon Sawan
9%
422 105,592 Thailand Nakhon Si Thammarat
9%
372 128,480 Vietnam Ninh Bình
9%
180 260,317 Philippines Olongapo
9%
390 119,848 Laos Pakxe
9%
323 151,454 Indonesia Parepare
9%
209 230,424 Malaysia Pasir Mas
9%
239 208,006 Indonesia Pasuruan
9%
174 268,254 Indonesia Pematangsiantar
9%
371 128,689 Malaysia Port Dickson
9%
206 231,765 Indonesia Purwokerto
9%
273 179,292 Philippines Roxas
9%
260 192,322 Indonesia Salatiga
9%
374 126,347 Philippines San Juan
9%
138 326,001 Philippines San Pedro
9%
103 414,812 Philippines Santa Rosa
9%
330 148,580 Philippines Santiago
9%
294 166,587 Malaysia Semporna
9%
140 324,585 Malaysia Sepang
9%
154 296,202 Philippines Tagum
9%
277 176,027 Indonesia Tanjungbalai
9%
159 290,988 Indonesia Tegal
9%
171 273,825 Indonesia Tegal
9%
288 169,023 Malaysia Temerloh
9%
135 336,705 Vietnam Thủ Dầu Một
9%
69 618,984 Vietnam Thuận An
9%
105 407,437 Philippines Biñan
7%
328 149,149 Indonesia Blitar
7%
266 186,960 Philippines Calbayog
7%
353 136,453 Philippines Carcar
7%
437 100,674 Philippines Cavite
7%
276 176,368 Indonesia Cianjur
7%
314 156,321 Philippines Danao
7%
265 188,376 Philippines Digos
7%
310 158,218 Philippines Ilagan
7%
155 294,156 Malaysia Kulai
7%
264 188,713 Indonesia Lhokseumawe
7%
168 278,924 Philippines Lucena
7%
384 121,526 Indonesia Magelang
7%
435 101,012 Myanmar Magway
7%
430 102,405 Myanmar Meiktila
7%
363 132,434 Indonesia Mojokerto
7%
208 230,998 Philippines Ormoc
7%
233 210,452 Philippines Pagadian
7%
340 143,844 Indonesia Pagar Alam
7%
192 246,212 Thailand Pak Kret
7%
149 312,437 Malaysia Pasir Gudang
7%
354 136,157 Malaysia Pasir Puteh
7%
348 139,576 Indonesia Payakumbuh
7%
338 144,460 Vietnam Phú Quốc
7%
259 193,196 Indonesia Prabumulih
7%
370 128,783 Myanmar Pyin Oo Lwin
7%
78 540,979 Thailand Samut Prakan
7%
67 651,813 Philippines San Jose del Monte
7%
322 152,458 Malaysia Segamat
7%
51 764,327 Malaysia Selayang
7%
166 281,337 Malaysia Seri Kembangan
7%
141 323,797 Thailand Si Racha
7%
315 156,234 Malaysia Sitiawan
7%
270 182,237 Philippines Sorsogon
7%
286 171,107 Philippines Surigao
7%
413 108,569 Myanmar Taungoo
7%
357 135,254 Vietnam Tây Ninh
7%
369 128,906 Myanmar Thaton
7%
241 207,314 Philippines Toledo
7%
223 219,210 Malaysia Alor Gajah
4%
313 157,291 Malaysia Bachok
4%
306 159,248 Indonesia Bau-Bau
4%
381 122,747 Philippines Bayawan
4%
309 158,264 Vietnam Bạc Liêu
4%
182 259,924 Vietnam Bắc Ninh
4%
400 114,397 Malaysia Bentong
4%
320 154,168 Malaysia Besut
4%
319 155,140 Indonesia Bima
4%
377 124,560 Vietnam Bến Tre
4%
217 226,372 Vietnam Cà Mau
4%
228 213,945 Vietnam Cao Lãnh
4%
317 155,800 Vietnam Cẩm Phả
4%
350 138,141 Philippines Dipolog
4%
312 158,128 Malaysia Dungun
4%
93 450,583 Philippines General Trias
4%
252 200,198 Philippines Kabankalan
4%
324 150,927 Malaysia Keningau
4%
303 160,791 Philippines Kidapawan
4%
291 168,264 Vietnam Kon Tum
4%
440 100,150 Philippines Lamitan
4%
262 190,712 Philippines Malaybalay
4%
179 261,189 Philippines Malolos
4%
242 207,010 Philippines Marawi
4%
424 104,522 Philippines Masbate
4%
293 167,149 Myanmar Mogok
4%
414 108,553 Vietnam Móng Cái
4%
368 129,351 Thailand Mukdahan
4%
347 140,334 Philippines Ozamiz
4%
220 225,105 Indonesia Padang Sidempuan
4%
269 184,681 Indonesia Palopo
4%
235 209,230 Philippines Panabo
4%
292 167,394 Vietnam Phan Rang–Tháp Chàm
4%
178 261,417 Vietnam Quảng Ngãi
4%
436 100,715 Thailand Ranong
4%
419 106,198 Vietnam Sa Đéc
4%
421 105,785 Myanmar Sagaing
4%
245 205,424 Philippines San Carlos
4%
362 132,650 Philippines San Carlos
4%
420 106,052 Vietnam Sơn La
4%
408 109,319 Philippines Tacurong
4%
282 172,838 Indonesia Tebing Tinggi
4%
283 172,505 Malaysia Teluk Intan
4%
244 206,037 Vietnam Thái Bình
4%
271 181,998 Myanmar Thanlyin
4%
439 100,587 Indonesia Tomohon
4%
272 179,944 Malaysia Tumpat
4%
316 155,921 Vietnam Tuy Hòa
4%
387 120,982 Vietnam Uông Bí
4%
147 315,850 Vietnam Việt Trì
4%
425 104,173 Philippines Balanga
2%
290 168,470 Philippines Baliwag
2%
246 205,192 Vietnam Bà Rịa
2%
407 109,499 Philippines Bayugan
2%
307 158,981 Vietnam Bảo Lộc
2%
137 327,325 Philippines Cabanatuan
2%
125 355,330 Philippines Cabuyao
2%
335 145,786 Philippines Calapan
2%
349 138,510 Vietnam Cam Ranh
2%
341 143,403 Philippines Cauayan
2%
412 108,595 Vietnam Đồng Xoài
2%
352 136,698 Philippines Gingoog
2%
249 202,062 Vietnam Hà Tĩnh
2%
396 116,240 Philippines Himamaylan
2%
346 140,595 Myanmar Hinthada
2%
356 135,718 Vietnam Hòa Bình
2%
196 241,932 Malaysia Hulu Selangor
2%
399 114,457 Philippines Iriga
2%
367 130,379 Philippines Isabela
2%
379 123,554 Thailand Kalasin
2%
388 120,506 Myanmar Kalay
2%
365 130,506 Myanmar Kale
2%
227 215,582 Malaysia Kemaman
2%
170 274,012 Thailand Khlong Luang
2%
256 195,398 Philippines Koronadal
2%
378 123,722 Indonesia Kotamobagu
2%
301 161,890 Malaysia Kota Samarahan
2%
268 185,771 Thailand Krathum Baen
2%
172 273,438 Thailand Lam Luk Ka
2%
343 141,961 Thailand Lamphun
2%
267 185,971 Indonesia Langsa
2%
285 171,276 Vietnam Long Khánh
2%
157 293,244 Philippines Mabalacat
2%
191 246,978 Malaysia Manjung
2%
333 147,547 Philippines Mati
2%
415 107,557 Myanmar Pakokku
2%
327 150,667 Malaysia Papar
2%
300 162,174 Malaysia Penampang
2%
311 158,212 Vietnam Phủ Lý
2%
255 196,129 Thailand Phra Pradaeng
2%
274 179,233 Indonesia Purwakarta
2%
428 103,110 Thailand Sakon Nakhon
2%
236 209,230 Philippines Samal
2%
238 208,836 Thailand Sam Phran
2%
225 218,500 Philippines Santo Tomas
2%
305 159,395 Thailand Sattahip
2%
366 130,478 Philippines Silay
2%
409 109,208 Vietnam Sầm Sơn
2%
248 203,056 Vietnam Sóc Trăng
2%
385 121,033 Philippines Tabuk
2%
382 122,374 Vietnam Tam Kỳ
2%
326 150,766 Malaysia Tanah Merah
2%
258 193,936 Philippines Tanauan
2%
86 466,053 Vietnam Tân Uyên
2%
232 210,503 Philippines Trece Martires
2%
373 128,200 Malaysia Tuaran
2%
205 232,230 Vietnam Tuyên Quang
2%
337 144,577 Philippines Urdaneta
2%
434 101,049 Thailand Uttaradit
2%
397 114,908 Vietnam Vĩnh Yên
2%
438 100,631 Vietnam Yên Bái
2%
431 101,800 Malaysia Balakong
0%
405 111,848 Philippines Baybay
0%
279 174,229 Vietnam Bắc Giang
0%
418 106,256 Philippines Carmona
0%
417 106,440 Philippines Catbalogan
0%
432 101,765 Vietnam Châu Đốc
0%
222 220,421 Vietnam Chí Linh
0%
380 122,968 Philippines Gapan
0%
429 102,656 Philippines Guihulngan
0%
355 136,017 Indonesia Gunungsitoli
0%
263 188,857 Malaysia Hang Tuah Jaya
0%
392 118,646 Vietnam Hưng Yên
0%
295 166,352 Malaysia Kerian
0%
304 159,560 Malaysia Ketereh
0%
150 307,418 Malaysia Kuala Langat
0%
200 237,759 Malaysia Kubang Pasu
0%
393 118,096 Philippines Ligao
0%
427 103,284 Vietnam Lạng Sơn
0%
218 225,673 Philippines Meycauayan
0%
402 113,155 Myanmar Myawaddy
0%
332 147,645 Myanmar Myingyan
0%
181 260,058 Malaysia Padawan
0%
318 155,575 Vietnam Phúc Yên
0%
329 148,894 Philippines Sagay
0%
401 113,285 Thailand San Sai
0%
433 101,717 Malaysia Semenyih
0%
395 116,780 Indonesia Soreang
0%
345 140,961 Philippines Tabaco
0%
336 145,120 Vietnam Tân An
0%
297 163,449 Malaysia Tangkak
0%
403 112,658 Philippines Tayabas
0%
243 206,582 Thailand Thanyaburi
0%
398 114,480 Indonesia Tidore
0%
404 112,584 Vietnam Trà Vinh
0%
299 163,182 Indonesia Ungaran
0%
No matching quizzes found
Score Distribution
Percent of People with Each Score
Percentile by Number Answered
Your Score History
You have not taken this quiz since the last reset